00737nam a22002297a 4500010001100000020001400011035001100025037001600036040001200052082001100064100002800075245003600103260003200139270003600171300002200207650002900229650004300258650002400301942002000325999001900345952014300364 a761657 a057502349 a761657 aCen Lib/Ret aDPLbEN aNbDIC aDickens, Monica9134452 aKate and emma /cMonica Dickens aLondonbThe Book Clubc1965 a121 Charing Cross Road bLondon a278p ; b24cm(hb) aHocken, Sheila. 9114088 aBlind -- England -- Biography.9114089 aGuide dogs.9114090 2ddccENhNmDIC c136249d136249 04104070aLbLd2016-02-17eCen Lib/Retl0oN DICp761657r2016-02-17 00:00:00t1w2016-02-17yENzW/d List No. 6862/5 ; dtd 06/08/2020